00378nam a2200133Ia 4500008004100000020001500041041001200056082001600068100001600084245008000100260004900180300000800229650000700237221030s9999 xx 000 0 und d a8122400736 aEnglish a105.23bWad aC. L.Wadhwa 0aGeneration, Distribution & Utilization of Electrical Energycby C. L.Wadhwa bNew Age International Pub.aNew Delhic1999 a391 aEE